Conversation, management and development of forest resources : Proceedings of the Malaysia---United Kingdom

Bibliographic Details
Other Authors: Bishop, Joshua, Gauld, Ian D, May, Dan Yit
Format: Book
Published: Kuala Lumpur : FRIM , 1998
Subjects:

MARC

LEADER 00000cam a2200000 7i4500
001 0000004036
005 20151008.0
020 0 0 |a 9839592823 
090 0 0 |a 333.9516   |b MANG 1998 
245 1 0 |a Conversation, management and development of forest resources :   |b Proceedings of the Malaysia---United Kingdom   |c editors Lee Su See...[et.all.] 
260 0 0 |a Kuala Lumpur :   |b FRIM ,   |c 1998 
300 |a ii, 392 pages. :   |b ill. ;   |c 26 cm. 
650 0 0 |a Biological diversity conservation---Congresses 
650 0 0 |a Forest genetic resources conservations---Congresses 
700 1 1 |a Bishop, Joshua 
700 1 1 |a Gauld, Ian D 
700 1 1 |a May, Dan Yit 
998 |a JPSM 
999 |a 007861   |b Monograph   |c Open Shelf   |e Default branch